000 00736nam a2200265 i 4500
001 C2-0335176
003 PPAK
005 20180728134658.0
008 151229s2014 my a|||| ||||| | may d
020 _a9789834613792
040 _aPPAK
_beng
_cPPAK
_erda
082 0 4 _a899.233
_223
090 0 0 _a899.233
_bMUR
_dK
100 0 _aMurad Arsad,
_eauthor
245 1 0 _aAnak yang berani
264 1 _aKuala Lumpur :
_bDewan Bahasa dan Pustaka ,
_c2014
300 _a126 pages :
_billustrations ;
_c19 cm
336 _2rdacontent
_atext
337 _2rdamedia
_aunmediated
338 _2rdacarrier
_avolume
490 1 _aNovel Kanak-kanak
650 1 0 _aChildren's stories, Malay.
830 0 _aNovel Kanak-kanak
942 _ddc
_cB
999 _c133417
_d133417